000 01607nam a2200313Ia 4500
999 _c5477
_d5477
003 OSt
005 20200609170812.0
008 191128s9999 xx 000 0 und d
020 _a9788496453791
082 0 4 _a330.122 /
_bC512c
_223
100 1 _aChaves Giraldo, Pedro,
_eeditor
_95286
245 1 0 _aCrisis del capitalismo neoliberal, poder constituyente y democracia real /
_cPedro Chaves Giraldo, Carlos Prieto del Campo y René Ramírez Gallegos editores ; traducción Raúl Sánchez Cedillo, Jose María Amoroto Salida
250 _aPrimera edición
260 _aMadrid :
_bTraficantes de sueños,
_c2013
300 _a456 páginas :
_bgráficos a blanco y negro ;
_c22 cm.
490 0 _aMapas ;
_v37
500 _a Incluye datos biográficos de los editores en la solapa
504 _aBibliografía al final de cada capítulo.
505 _aLa nueva economía de la explotación en el capitalismo global -- Política económica para la transformación social -- Estado, democracia y política: entre la globalización y la crisis sistémica del capitalismo histórico -- Plurinacionalidad, gobernanza
650 1 4 _aCapitalismo
_xLiberalización del intercambio
_95287
650 2 4 _aNuevo liberalismo
_xPoder constituyente
_95288
650 2 4 _aEconomía política
_95289
650 2 4 _aPolítica económica
_xGlobalización
_95290
700 1 _aPrieto del Campo, Carlos,
_eeditor
_95291
700 1 _aRamírez Gallegos, René,
_eeditor
_95292
700 1 _aSánchez Cedillo, Raúl,
_etraductor
_95293
700 1 _aAmoroto Salida, Jose María,
_etraductor
_95294
942 _2ddc
_cBK